| 000 | 01038nam a22002057a 4500 | ||
|---|---|---|---|
| 999 |
_c35897 _d35897 |
||
| 003 | OSt | ||
| 005 | 20251014211643.0 | ||
| 008 | 150408b2023 slv spa | ||
| 040 | _cBMC | ||
| 082 | _a371.77 | ||
| 100 | 1 |
_949515 _aSánchez Rivas, Isidro Alexander |
|
| 245 | 1 | 0 |
_aImpacto de la preparación en reducción de riesgo de desastres en la resiliencia de los productores agrícolas en las comunidades de Calzontes Arriba, Ochupse y Potrero Grande Arriba, Santa Ana _b: Investigación, informe final _cIsidro Alexander Sánchez Rivas |
| 260 |
_aSanta Ana (El Salvador) _bUniversidad Católica de El Salvador _c2025 |
||
| 300 |
_a85 h. _c28 cm _b+ 1 USB, 8 GB, color plata |
||
| 500 | _aPrecede al tít.: Universidad Católica de El Salvador, Facultad de Ingeniería y Arquitectura | ||
| 502 | _aPara optar al título de Maestría en gerencia y gestión ambiental | ||
| 650 | 2 | 4 |
_919007 _aEducación para la prevención de desastres |
| 710 | 2 |
_aUniversidad Católica de El Salvador _bEscuela de Posgrados _919868 |
|
| 942 |
_2ddc _cTG |
||